000 00377nam a2200145Ia 4500
008 230917s9999||||xx |||||||||||||| ||und||
040 _e38832
_aMAIN
041 _aEnglish
082 _a658.15 L579E
100 _aLevy, Haim, ed.
245 0 _aFinancial decision making under uncertainty
260 _aNew York
_bAcademic Press
_c1977
300 _axii, 301 p.
942 _cBK
999 _c216759
_d216759